000 00499nam a2200193Ia 4500
005 20250326143312.0
008 250326s9999 xx 000 0 und d
020 _a0 566 08115 6
037 _aTextbook
040 _aFMSL
_beng
_cFMSL
041 _aeng
_2eng
084 _aR44 P0
_qFMSL
100 _aHolden P
_9747790
245 0 _aEthics for managers
_cHolden P
260 _aEngland
_bEngland, Gower
_c2000
300 _a198p
942 _cTB
_hR44 P0
999 _c1298987
_d1298987